JetPunk Feud #2 - US States - Statistics

General Stats
  • This quiz has been taken 545 times
  • The average score is 6 of 9
Answers on the Map
Answers color-coded by a green-red scale on the quiz's map according to % correct below.
 
Answer Stats
Answer % Correct
California
99%
New York
98%
Texas
97%
Florida
94%
Alaska
57%
Hawaii
57%
Washington
47%
Nevada
21%
Alabama
13%
No matching quizzes found
Score Distribution
Percent of People with Each Score
Percentile by Number Answered
Your Score History
You have not taken this quiz